Größte Städte und urbane Regionen in Deutschland - Whammies - Statistiken

Allgemein
  • Dieses Quiz wurde 92 mal gespielt
  • Das Durchschnittsergebnis liegt bei 39 aus 50
Antwortstatistiken
# Einwohner # % Korrekt
Stadt 3.685.265 Berlin
100%
urbane Region 4.475.400 Berlin
100%
Stadt 1.862.565 Hamburg
100%
urbane Region 2.627.100 Hamburg
100%
Stadt 1.505.005 München
100%
urbane Region 2.153.900 München
100%
Stadt 756.021 Frankfurt am Main
99%
urbane Region 1.807.700 Frankfurt am Main
99%
urbane Region 4.395.700 Köln / Düsseldorf
99%
Stadt 612.663 Stuttgart
99%
urbane Region 1.472.800 Stuttgart
99%
Stadt 1.024.621 Köln
98%
Stadt 611.850 Leipzig
98%
urbane Region 724.200 Leipzig
98%
Stadt 564.904 Dresden
96%
urbane Region 783.500 Dresden
96%
Stadt 618.685 Düsseldorf
93%
Stadt 529.508 Nürnberg
93%
urbane Region 1.046.000 Nürnberg
93%
Stadt 603.462 Dortmund
91%
Stadt 574.682 Essen
91%
Stadt 522.131 Hannover
91%
urbane Region 945.000 Hannover
91%
Stadt 586.271 Bremen
88%
urbane Region 940.800 Bremen
88%
Stadt 318.035 Mannheim
86%
urbane Region 982.900 Mannheim
86%
Stadt 502.270 Duisburg
84%
Stadt 358.676 Bochum
78%
Stadt 309.050 Karlsruhe
71%
urbane Region 449.100 Karlsruhe
71%
Stadt 323.336 Bonn
69%
Stadt 308.258 Münster
69%
urbane Region 290.900 Münster
69%
urbane Region 5.219.200 Ruhrgebiet
69%
Stadt 358.193 Wuppertal
68%
urbane Region 500.000 Wiesbaden / Mainz
66%
Stadt 331.605 Bielefeld
65%
urbane Region 575.900 Bielefeld
65%
Stadt 301.105 Augsburg
64%
urbane Region 447.000 Augsburg
64%
Stadt 267.930 Gelsenkirchen
53%
urbane Region 327.200 Kiel
51%
Stadt 288.850 Wiesbaden
51%
urbane Region 599.000 Aachen
49%
urbane Region 402.700 Mönchengladbach
38%
urbane Region 317.800 Kassel
33%
urbane Region 540.500 Saarbrücken
31%
urbane Region 407.500 Chemnitz
29%
urbane Region 302.500 Koblenz
5%
Keine übereinstimmenden Quizze gefunden
Verteilung der Resultate
Anzahl Personen mit jedem Resultat
Perzentil nach korrekt beantworteten Fragen
Ihre Resultats-Entwicklung
Sie haben dieses Quiz noch nicht gespielt